书目信息 |
| 题名: |
校园新闻采写与实践
|
|
| 作者: | 王宗安 著 | |
| 分册: | ||
| 出版信息: | 五家渠 新疆生产建设兵团出版社 2014 |
|
| 页数: | 183页 | |
| 开本: | 24cm | |
| 丛书名: | ||
| 单 册: | ||
| 中图分类: | G216.3 | |
| 科图分类: | ||
| 主题词: | 高等学校--校报--新闻工作--教材 | |
| 电子资源: | ||
| ISBN: | 978-7-80756-647-2 | |
| 000 | 00825nam0 2200241 450 | |
| 001 | 339607 | |
| 005 | 20150608163132.92 | |
| 010 | @a978-7-80756-647-2@dCNY38.00 | |
| 100 | @a20140605d2014 em y0chiy50 ea | |
| 101 | 0 | @achi |
| 102 | @aCN@b650000 | |
| 105 | @aa z 000yy | |
| 106 | @ar | |
| 200 | 1 | @a校园新闻采写与实践@Axiao yuan xin wen cai xie yu shi jian@f王宗安著 |
| 210 | @a五家渠@c新疆生产建设兵团出版社@d2014 | |
| 215 | @a183页@c图@d24cm | |
| 300 | @a汕头大学教材补贴资助 | |
| 330 | @a本书是作者多年来在两岸三校教授新闻学、新闻采访与写作、新闻专采等的综合心得。全书分为两篇, 分别为基础新闻采写的训练与实践、专题新闻采编实务。 | |
| 606 | 0 | @a高等学校@x校报@x新闻工作@j教材 |
| 690 | @aG216.3@v5 | |
| 701 | 0 | @a王宗安@Awang zong an@c(新闻学)@4著 |
| 801 | 0 | @aCN@b卓展宏图@c20150525 |
| 905 | @dG216.3@e629@f4 | |
| 校园新闻采写与实践/王宗安著.-五家渠:新疆生产建设兵团出版社,2014 |
| 183页:图;24cm |
| 汕头大学教材补贴资助 |
| ISBN 978-7-80756-647-2:CNY38.00 |
| 本书是作者多年来在两岸三校教授新闻学、新闻采访与写作、新闻专采等的综合心得。全书分为两篇, 分别为基础新闻采写的训练与实践、专题新闻采编实务。 |
| ● |
| 相关链接 |
|
|
|
|
正题名:校园新闻采写与实践
索取号:G216.3/629
 
预约/预借
| 序号 | 登录号 | 条形码 | 馆藏地/架位号 | 状态 | 备注 |
| 1 | 863334 | 208633344 | 第一样本阅览室/ [索取号:G216.3/629] | 在馆 | |
| 2 | 863335 | 208633353 | 第四借阅区/ [索取号:G216.3/629] | 在馆 | |
| 3 | 863336 | 208633362 | 第四借阅区/ [索取号:G216.3/629] | 在馆 | |
| 4 | 863337 | 208633371 | 密集书库-文学院/ [索取号:G216.3/629] | 在馆 |